000 00759nam a22002177a 4500
003 UA-OsUOA
001 119069
007 ta
008 20161003b un ||||| |||| 00| 0 ukr d
100 _aКриленко В.І.
090 _a330(477)
_bК82
942 _cSA
040 _aUA-OsUOA
_bukr
_cUA-OsUOA
_dUA-OsUOA
245 _aСучасні підходи до оцінки регуляторної політики держави у сфері фінансового забезпечення аграрного сектору економіки
300 _aС.71-80
955 _a0
041 _aukr
080 _a330(477)
773 0 _w119063
_tСтатистика України
_dК.
_d2016
_g2
650 7 _a330 Економіка взагалі
_2UDC
999 _c405756
_d405756